Easy Geography Knowledge Quiz - Statistics

General Stats
  • This quiz has been taken 47 times
    30 since last reset
  • The average score is 14 of 15
Answer Stats
Hint Answer % Correct
What is the main color of the Brazilian flag? Green
100%
What is the only country that borders South Korea? North Korea
100%
In which continent is Brazil? South America
100%
Seoul is its capital South Korea
100%
What is the largest country by area in Oceania? Australia
96%
In which country is Istanbul? Turkey
96%
In what country is Big Ben? United Kingdom
96%
In which continent is Thailand? Asia
92%
What country does Greenland belong to? Denmark
92%
Berlin is its capital Germany
92%
Moscow is its capital Russia
92%
What is the smallest country by area? Vatican City
92%
What is the only non-rectangular flag? Nepal
88%
What is the offical language of Saudi Arabia? Arabic
85%
Which country's flag consists of three vertical stripes: Green, White, and Red? Italy
85%
No matching quizzes found
Score Distribution
Percent of People with Each Score
Percentile by Number Answered
Your Score History
You have not taken this quiz since the last reset